Impact of non-audit services on auditor independence : (Record no. 2852)

000 -LEADER
fixed length control field nam a22 a 4500
003 - CONTROL NUMBER IDENTIFIER
control field AKMAL
005 - DATE AND TIME OF LATEST TRANSACTION
control field 20170518123345.0
008 - FIXED-LENGTH DATA ELEMENTS--GENERAL INFORMATION
fixed length control field 170518s2007 my da e | 000 0 eng d
020 ## - INTERNATIONAL STANDARD BOOK NUMBER
International Standard Book Number 9789675091032 (pbk.)
040 ## - CATALOGING SOURCE
Original cataloging agency AKMAL
Transcribing agency AKMAL
082 00 - DEWEY DECIMAL CLASSIFICATION NUMBER
Classification number 657.45070595 IMP
Edition number 22
090 00 - LOCALLY ASSIGNED LC-TYPE CALL NUMBER (OCLC); LOCAL CALL NUMBER (RLIN)
Classification number (OCLC) (R) ; Classification number, CALL (RLIN) (NR) 657.45070595
Local cutter number (OCLC) ; Book number/undivided call number, CALL (RLIN) IMP
100 0# - MAIN ENTRY--PERSONAL NAME
Personal name Norhaslinda Zakariya
9 (RLIN) 6016
245 10 - TITLE STATEMENT
Title Impact of non-audit services on auditor independence :
Remainder of title an empirical analysis /
Statement of responsibility, etc. Norhaslinda Zakariya, M. Shanmugan, Mukesh Kumar
260 ## - PUBLICATION, DISTRIBUTION, ETC.
Place of publication, distribution, etc. Kuala Lumpur :
Name of publisher, distributor, etc. Institut Integriti Malaysia,
Date of publication, distribution, etc. 2007
300 ## - PHYSICAL DESCRIPTION
Extent x, 85p. :
Other physical details ill. ;
Dimensions 23cm.
490 1# - SERIES STATEMENT
Series statement Corporate integrity framework research monograph
650 10 - SUBJECT ADDED ENTRY--TOPICAL TERM
Topical term or geographic name entry element Auditing
General subdivision Research
Geographic subdivision Malaysia
9 (RLIN) 6017
650 20 - SUBJECT ADDED ENTRY--TOPICAL TERM
Topical term or geographic name entry element Auditors
General subdivision Malpractice
-- Research
Geographic subdivision Malaysia
9 (RLIN) 6018
700 0# - ADDED ENTRY--PERSONAL NAME
Personal name Shanmugam, S.
9 (RLIN) 6019
700 0# - ADDED ENTRY--PERSONAL NAME
Personal name Mukesh Kumar
9 (RLIN) 6020
830 #0 - SERIES ADDED ENTRY--UNIFORM TITLE
Uniform title Research monograph series in corporate integrity framework
9 (RLIN) 4600
942 ## - ADDED ENTRY ELEMENTS (KOHA)
Source of classification or shelving scheme
Koha item type Book
Holdings
Withdrawn status Lost status Source of classification or shelving scheme Damaged status Not for loan Collection code Home library Current library Shelving location Date acquired Inventory number Total Checkouts Full call number Barcode Date last seen Price effective from Koha item type
          NON-FICTION AKMAL Melaka AKMAL Melaka PINJAMAN 18.05.2017 602513   657.45070595 IMP 201703321 18.05.2017 18.05.2017 Book
Pusat Sumber Maklumat Dato' Haji Sarmin Md Hussin, Akademi Kastam Diraja Malaysia, Melaka
Tel: 06-2331106 | Faks: 06-2313787